000 01878cam a2200469 a 4500
001 21104
003 VRT
005 20260213140053.0
008 230403s1955 xo g 000 f slo
015 _aSNBA19451955-013188
035 _aSK01SNKBKSFS20020096422
035 _aurn:nbn:sk:snk-am3hsm6
035 _a995EFEE3-D4DE-4977-A94E-32DE03EE2D41
035 _aurn:nbn:sk:snk-am00d7u4
035 _aSKM000098885
039 9 _a202304032104
_bVLOAD
_c202212050959
_dVLOAD
_c202205120837
_dVLOAD
_c202111290945
_dAUTHORITY
040 _aSNK
_bslo
_cSNK
_eAACR2
041 1 _aslo
_hfre
044 _axo
_cSK
080 _a840-3
_21981
100 1 _aVallés, Jules
_4aut
240 1 2 _aL'Enfant, Le Bachelier, L'Unsurgé
_lSlovensky
245 1 0 _aVzbúrenec
_cJules Vallés
_b(z franc. orig. L'Enfant, Le Bachelier, L'Unsurgé) ; (časti: Dieťa a vzbúrenec prel. a poznámky sprac. Štefan Horváth. Časť Maturant prel. a poznámky sprac. Anton Vantuch)
260 _aBratislava
_bSlovenské vydavateľstvo krásnej literatúry
_c1955
_eBratislava
_fKnižné závody
300 _a914, [1] s.
_c21 cm
490 1 _aEdícia svetových klasikov
_vzv. 39
500 _aPoznámky a vysvetlivky
655 7 _afrancúzske romány
_2SNKPH
700 1 _aHorváth, Štefan,
_d1920-1986
_4trl
_4aui
700 1 _aVantuch, Anton,
_d1921-2001
_4trl
_4aui
700 1 _aBelnay, Ján,
_d1900-1991
_4red
700 1 _aJesenská, Zora,
_d1909-1972
_4red
700 1 _aFerenčík, Ján,
_d1923-1989
_4pbd
700 1 _aBártová, Miroslava,
_d1917-2002
_4red
830 0 _aEdícia svetových klasikov
910 _asnk
942 _2ddc
_cKLDO
_n0
949 _63869A19301
_abpksh821.133.1-3
_bbpksh58057
949 _617A1051302
_asnkSC 5912 D1
_bsnk717/55
949 _617A0787239
_asnkSC 5912
_bsnk717/55
_osnkI. 5252/55 - 2. ev.č.
_s6100:20190426
999 _c21104
_d21104